000 00356nam a2200157Ia 4500
008 160316s2000 xxu||||| |||| 00| 0 eng d
082 _a344.046000
_bNAT
100 _a
245 _aNational biodiversity strategy and action plan
250 _a
260 _a
_b
_c2000
300 _a14
_b
_c
365 _b
650 _a1. Biodiversity
700 _a
_a
999 _c37429
_d37429